Entry Konu Terimi
001 - KONTROL NUMARASI
- Kontrol alanı: 33191
003 - KONTROL NUMARASI KİMLİĞİ
- Kontrol alanı: TR-BiSEU
005 - SON İŞLEM TARİHİ VE ZAMANI
- Kontrol alanı: 20260207001946.0
008 - SABİT UZUNLUKTAKİ VERİ ÖGELERİ - GENEL BİLGİ
- Sabit uzunlukta kontrol alanı: 260207|| aca||aabn | a|a d
040 ## - KATALOGLAMA KAYNAĞI
- Özgün kataloglama kurumu: TR-BiSEU
- Çeviri kurumu: TR-BiSEU
150 ## - KONU BAŞLIKLARI - KONU TERİMİ
- Konu terimi: Üniversiteler ve yüksekokullar--Türkiye
670 ## - BİLGİNİN KAYNAĞI
- Bilginin alındığı kaynak: KOHA: (TR-BiSEU)14143: Ulusal Meslek Yüksekokulları Müdürleri Toplantısı (1. : 2004 : Nevşehir) 33189, I. Ulusal meslek yüksekokulları müdürleri toplantısı :
